[Event "FRA-ch op-B"]
[Site "Le Grand Bornand"]
[Date "2003.??.??"]
[Round "2.2"]
[White "Frederic, Antoine"]
[Black "Sunthor, Philippe"]
[Result "0-1"]
[WhiteElo "1160"]
[BlackElo "1490"]
[PlyCount "36"]
[EventDate "2003.??.??"]
[EventType "swiss"]
[EventRounds "9"]
[EventCountry "FRA"]
[SourceTitle "EXT 2004"]
[Source "ChessBase"]
[SourceDate "2003.11.25"]
[SourceVersion "1"]
[SourceVersionDate "2003.11.25"]
[SourceQuality "1"]

1. e4 e5 2. Nf3 Nc6 3. Nc3 Nf6 4. d4 exd4 5. Nxd4 Nxd4 6. Qxd4 d6 7. Bc4 Be6 8. Bxe6 fxe6 9. 0-0 e5 10. Qd1 Qd7 11. Bg5 0-0-0 12. Bxf6 gxf6 13. Qe2 Rg8 14. Qe3 b6 15. Qd3 Kb8 16. Nb5 c6 17. Qc4 Bh6 18. Nc3 Qh3 0-1